Bedside and Community: 50 Years of Contributions to the Health of Albertans by the University of Calgary (Record no. 26921)

MARC details
000 -LEADER
fixed length control field 00494nam a2200121Ia 4500
008 - FIXED-LENGTH DATA ELEMENTS--GENERAL INFORMATION
fixed length control field 220620s9999||||xx |||||||||||||| ||und||
100 ## - MAIN ENTRY--PERSONAL NAME
Personal name Frank W. Stahnisch||Diana Mansell||Paula Larsson
245 #0 - TITLE STATEMENT
Title Bedside and Community: 50 Years of Contributions to the Health of Albertans by the University of Calgary
546 ## - LANGUAGE NOTE
Language note English[eng]
650 ## - SUBJECT ADDED ENTRY--TOPICAL TERM
Topical term or geographic name entry element Medicine||Nursing||Education||Health||Veterinary||Medical administration
856 ## - ELECTRONIC LOCATION AND ACCESS
Uniform Resource Identifier <a href="https://press.ucalgary.ca/books/9781773850726/">https://press.ucalgary.ca/books/9781773850726/</a>
942 ## - ADDED ENTRY ELEMENTS (KOHA)
Koha item type E-Books
Holdings
Withdrawn status Lost status Damaged status Not for loan Home library Current library Date acquired Total Checkouts Date last seen Price effective from Koha item type
        Kerala University of Digital Sciences, Innovation and Technology Knowledge Centre Kerala University of Digital Sciences, Innovation and Technology Knowledge Centre 20/06/2022   20/06/2022 20/06/2022 E-Books